000 00652nam a2200253Ia 4500
003 OSt
005 20221007082344.0
006 a|||||r|||| 00| 0
007 ta
008 221006b |||||||| |||| 00| 0 eng d
024 _a10,961
037 _cReference Collections
040 _aFLL
_cFLL
_beng
041 _2eng
_aeng
082 _aX729.2.N77t, L7
110 _aGovt. of india
245 0 _aReport of the indirect taxation enquiry committee
260 _c1977
300 _a83p
_ccm.
490 _vPart 1
700 _aGovt. of india
942 _hX729.2.N77t, L7
_cREF
_2CC
999 _c1166168
_d1166168